000 00254nam a2200097Ia 4500
001 1252101
005 20251031150928.0
008 251031s9999 xx 000 0 und d
245 0 _cMEVSİM EREN
_aÜ-1 BOYAMA KOLEKSİYONU GAMORA
260 _bBETA YAYINLARI
999 _c1252101
_d1252101